<?xml version="1.0" encoding="UTF-8"?>
<record
    xmlns:xsi="http://www.w3.org/2001/XMLSchema-instance"
    xsi:schemaLocation="http://www.loc.gov/MARC21/slim http://www.loc.gov/standards/marcxml/schema/MARC21slim.xsd"
    xmlns="http://www.loc.gov/MARC21/slim">

  <leader>01566pab a2200181 454500</leader>
  <controlfield tag="008">180718b2015   xxu||||| |||| 00| 0 eng d</controlfield>
  <datafield tag="100" ind1=" " ind2=" ">
    <subfield code="a">Joshi, Shruti</subfield>
  </datafield>
  <datafield tag="245" ind1=" " ind2=" ">
    <subfield code="a">E-governance in Uttar Pradesh: Challenges and prospects</subfield>
  </datafield>
  <datafield tag="260" ind1=" " ind2=" ">
    <subfield code="c">2015</subfield>
  </datafield>
  <datafield tag="300" ind1=" " ind2=" ">
    <subfield code="a">p.229-240/</subfield>
  </datafield>
  <datafield tag="362" ind1=" " ind2=" ">
    <subfield code="a">Apr-Jun</subfield>
  </datafield>
  <datafield tag="520" ind1=" " ind2=" ">
    <subfield code="a">The wave of IT has swept the entire world with knowledge-based initiatives. E-governance has proved to be a decisive attempt at creating a citizen-friendly, transparent, and accountable administration. It has become a cogent conduit between people and administration. State governments are increasingly using information technology to improve efficiency and provide online services to citizens. Uttar Pradesh too has embraced this concept and has progressively undertaken several projects and initiatives to establish its own mark in this endeavour. They have faced significant challenges due to the economic, social and demographic dimensions of the vast state. A comparative analysis of major projects in Uttar Pradesh with similar projects in other states could help us in evaluating e-governance initiatives in Uttar Pradesh and in giving suitable recommendation in making them more effective. A triad of strong political will, dogged administrative determination, and active citizen participation can definitely facilitate in realising the Midas touch of e-governance.  - Reproduced.</subfield>
  </datafield>
  <datafield tag="650" ind1=" " ind2=" ">
    <subfield code="a">Good governance</subfield>
  </datafield>
  <datafield tag="650" ind1=" " ind2=" ">
    <subfield code="a">Public administration</subfield>
  </datafield>
  <datafield tag="650" ind1=" " ind2=" ">
    <subfield code="a">E governance</subfield>
  </datafield>
  <datafield tag="773" ind1=" " ind2=" ">
    <subfield code="a">Indian Journal of Public Administration</subfield>
  </datafield>
  <datafield tag="909" ind1=" " ind2=" ">
    <subfield code="a">109305</subfield>
  </datafield>
  <datafield tag="999" ind1=" " ind2=" ">
    <subfield code="c">109300</subfield>
    <subfield code="d">109300</subfield>
  </datafield>
  <datafield tag="952" ind1=" " ind2=" ">
    <subfield code="0">0</subfield>
    <subfield code="1">0</subfield>
    <subfield code="4">0</subfield>
    <subfield code="7">0</subfield>
    <subfield code="a">IIPA</subfield>
    <subfield code="b">IIPA</subfield>
    <subfield code="d">2018-07-19</subfield>
    <subfield code="h">Volume no: 61, Issue no: 2</subfield>
    <subfield code="p">AR109765</subfield>
    <subfield code="r">2018-07-19</subfield>
    <subfield code="w">2018-07-19</subfield>
    <subfield code="y">AR</subfield>
  </datafield>
</record>
